[Event "47th GER-ch Blitz 2020"]
[Site "Magdeburg"]
[Date "2020.08.15"]
[Round "15.10"]
[White "Svane, Frederik"]
[Black "Bluebaum, Matthias"]
[Result "0-1"]
[WhiteElo "2421"]
[BlackElo "2647"]
[Annotator "TA"]
[PlyCount "138"]
[EventDate "2020.07.28"]
[EventType "tourn"]
[EventCountry "GER"]
[SourceTitle "playchess.com"]
[Source "ChessBase"]
[SourceQuality "1"]

{[%evp 23,138,29,24,22,14,27,16,31,31,34,21,0,0,0,58,37,38,35,161,45,52,0,0,0,0,0,0,0,0,0,0,0,0,0,0,0,0,8,15,0,6,7,3,5,9,0,21,14,16,12,26,0,0,0,12,0,14,12,14,12,11,0,0,0,7,7,12,12,124,91,166,184,231,227,210,129,132,0,0,0,0,0,0,0,796,-8,835,813,1738,1026,1178,-102,-102,-100,-95,-95,-95,-99,-99,-95,-95,-104,-100,-313,-141,-82,-87,-444,-444,-399,-14,-1778,-1698,-1059,-929,-29993,-29994]} 1. e4 e6 2. d4 d5 3. Nd2 c5 4. exd5 Qxd5 5. Ngf3 cxd4 6. Bc4 Qd6 7. O-O Nf6 8. Nb3 Nc6 9. Nbxd4 Nxd4 10. Nxd4 Be7 11. c3 O-O 12. Qf3 Qc7 13. Bb3 {C07: French Tarrasch: 3...c5, 4 Ngf3 and 4 exd5 Qxd5.} a5 14. Bf4 e5 15. Bg3 $1 {The position is equal.} a4 16. Bc2 {[#]} Ra5 $146 ({Predecessor:} 16... Re8 17. Nf5 Bc5 18. Ne3 Bd7 19. Rfe1 Bc6 20. Qf5 Bd7 21. Qd3 Be6 22. a3 g6 {½-½ (40) De Homont,R (2359)-Koerber,B (2393) GER email 2016}) 17. Nf5 Bxf5 18. Qxf5 Bd6 (18... g6 $11 19. Qd3 Nh5) 19. Rfd1 Re8 20. Rd2 Qb6 ({Black should play} 20... Re6 $14) 21. Rad1 (21. Bh4 $1 $18 {[%cal Rh4f6]} Bc5 22. Bxf6 Qxf6 23. Qxh7+ Kf8 24. Qh8+ Ke7 25. Qh3) 21... Bc7 $14 22. b4 (22. Qf3 $14) 22... axb3 $1 $11 23. Bxb3 {next Rd7! is good for White.} e4 24. Bxc7 Qxc7 25. Rd7 Qxd7 $1 26. Qxa5 Qe7 27. Qb4 Qc7 28. h3 h5 29. Qd4 h4 30. Qe3 Qe5 31. Qb6 Re7 32. Qd4 Qxd4 33. Rxd4 {[%mdl 4096] Endgame KRB-KRN} Rc7 34. Kf1 Kf8 35. Rb4 Ke7 36. Ke2 Kd6 37. Ke3 Rxc3+ 38. Kf4 Rc7 39. Kg5 Ke5 40. Rb5+ Kd4 41. Kxh4 Kd3 42. Kg3 Ke2 43. Rf5 Rc3+ 44. Kh2 Rc7 45. Rf4 Ke1 (45... e3 $11 {remains equal.} 46. fxe3 Kxe3) 46. g4 $1 $16 Rc3 (46... Kd2 $16) 47. Bxf7 $18 Rf3 48. Rxf3 exf3 {KB-KN} 49. Kg3 Ne4+ 50. Kxf3 (50. Kf4 $16 Nxf2 51. Kxf3 Nxh3 52. Ke3) 50... Ng5+ $11 {[%mdl 64] Double Attack} 51. Ke3 Nxf7 {KN-KP} 52. f4 Kf1 53. Kf3 Ke1 $2 {[%mdl 8192] [#]} (53... Kg1 $11 54. g5 Nd6) 54. g5 $2 (54. h4 $1 $18 {[%cal Rh4h5] Threatens to win with h5.} Kd2 55. Ke4 Nd6+ 56. Kd5) 54... Kd2 $2 {[%mdl 8192]} (54... Nd6 $11) 55. Ke4 $18 g6 56. h4 Ke2 57. h5 $2 (57. f5 $18 Nd6+ {[%mdl 64] Double Attack} 58. Ke5 Nf7+ 59. Kf6 {[%mdl 64] Double Attack} gxf5 60. g6) 57... gxh5 $17 {Hoping for ...h4. KN-K3P} 58. g6 {[#]} Nh6 $1 ({But not} 58... Nd6+ $6 59. Ke5 $11) 59. f5 {And now f6 would win.} h4 {White must now prevent ...h3.} 60. f6 h3 {aiming for ...h2.} 61. f7 h2 62. f8=Q h1=Q+ 63. Ke5 $2 (63. Kd4 $17) 63... Qh5+ (63... Ng4+ $19 {has better winning chances.} 64. Kd6 Qc6+ 65. Ke7 Qxg6) 64. Kf6 Ng4+ 65. Ke7 $2 {[%mdl 8192]} (65. Kf7 $17 {was the crucial defense.}) 65... Qxg6 $19 66. Qf4 Kd3 $2 (66... Ne3 $19 67. Qh2+ Kf3 68. Qh3+ Kf4 69. Qh4+ Ng4) 67. Kd7 $2 {[%mdl 8192]} (67. Qg3+ $11 Kd4 68. Qg1+ Kd5 69. Qd1+ Ke5 70. Qa1+ Kf4 71. Qf1+ Kg3 72. Qg1+ Kf4 73. Qf1+ Kg3 74. Qg1+ Kf4 75. Qf1+) 67... Qc6+ 68. Ke7 Ne3 {( -> ...Nd5+)} 69. a4 Nd5+ {[%mdl 64] Double Attack. Black used his chance. Accuracy: White = 66%, Black = 62%.} 0-1

[Event "47th GER-ch Blitz 2020"]
[Site "Magdeburg"]
[Date "2020.08.15"]
[Round "15.11"]
[White "Schneider, Ilja"]
[Black "Braeuning, Rudolf Wilhelm"]
[Result "1-0"]
[WhiteElo "2479"]
[BlackElo "2244"]
[Annotator "TA"]
[PlyCount "109"]
[EventDate "2020.07.28"]
[EventType "tourn"]
[EventCountry "GER"]
[SourceTitle "playchess.com"]
[Source "ChessBase"]
[SourceQuality "1"]

{[%evp 9,108,18,21,15,18,7,25,26,24,27,25,25,13,0,15,-22,-13,-31,0,-43,-44,-35,-35,-35,20,22,26,20,18,18,16,11,13,11,12,0,0,-17,-17,-18,24,8,10,5,4,-12,0,0,17,0,16,6,13,0,3,0,0,0,18,27,94,29,27,25,25,12,6,6,137,129,128,130,397,226,495,456,433,337,468,468,670,627,602,460,666,693,689,685,668,641,670,651,858,858,829,810,1803,1791,1727,1566,29999]} 1. e4 c5 2. c3 d5 3. exd5 Qxd5 4. Nf3 Nf6 5. Na3 Bg4 6. Be2 {B22: Sicilian: 2 c3.} Nc6 7. h3 (7. d3 {is interesting.} e6 8. Nc4 Bh5 9. Qb3 b6 10. Bf4) 7... Bxf3 8. Bxf3 {White has an edge.} Qd7 9. O-O e6 {[#]} 10. Qa4 $146 ({Predecessor:} 10. Nc4 Be7 11. Qa4 Rc8 12. Bxc6 Qxc6 13. Qxa7 O-O 14. Qb6 Qe4 15. d3 Qxd3 16. Qxb7 {1-0 (36) Musovic,A (2223)-Bistric,F (2354) Travnik 2017}) 10... Rc8 11. d3 Be7 12. Be3 O-O 13. Qb3 Nd5 14. Bd2 Ne5 15. Be2 a6 16. Nc4 Nxc4 ({Black should play} 16... Ng6 $15) 17. dxc4 $11 Nf6 18. Rad1 Qc7 19. Bf3 b6 20. a4 a5 21. Qb5 Rfd8 22. Be3 Ne8 23. Rxd8 (23. g3 {looks sharper.} h6 24. Bf4 Bd6 25. Bc1 Be7 26. Bf4) 23... Rxd8 24. Qc6 Bd6 25. Qxc7 Bxc7 26. Rb1 Nd6 27. Be2 Nf5 28. Bc1 Bd6 29. Kf1 Be7 30. g4 Nd6 31. Be3 Nc8 32. Bf3 Kf8 33. Bc6 Rd6 34. Bb5 Na7 (34... Rd8 $11 {remains equal.}) 35. Ke2 (35. b4 $16) 35... Nc6 36. Bf4 e5 37. Be3 Nd8 38. b4 {aiming for bxa5.} Rf6 (38... Ne6 $11) 39. bxa5 bxa5 40. Bd7 Bd6 $2 {[%mdl 8192] [#] Now Black is done in.} (40... Rd6 $16) 41. Rb6 (41. g5 $142 Rg6 42. Bf5) 41... Bc7 $2 (41... Ke7) 42. Bxc5+ $18 Kg8 43. Rb5 g5 44. Be7 Rg6 (44... Rb6 $142 45. Bxg5 Ne6) 45. Bf5 Rc6 46. Bxg5 Rxc4 (46... Ne6 $142 47. Bxe6 fxe6) 47. Bxd8 {[%mdl 64] [#] Overworked Piece} Bxd8 {[%mdl 4096] Endgame KRB-KRB} 48. Rb8 Kg7 49. Rxd8 {KRB-KR} Kf6 50. Rd6+ Kg5 51. Bxh7 Rxc3 52. Bd3 Kf4 53. Rf6+ Kg5 54. Rf5+ Kh4 55. Rh5# {Accuracy: White = 80%, Black = 58%.} 1-0

[Event "47th GER-ch Blitz 2020"]
[Site "Magdeburg"]
[Date "2020.08.15"]
[Round "15.12"]
[White "Siebarth, Raiko"]
[Black "Muranyi, Karl-Jasmin"]
[Result "0-1"]
[WhiteElo "2333"]
[BlackElo "2331"]
[Annotator "RC"]
[PlyCount "107"]
[EventDate "2020.07.28"]
[EventType "tourn"]
[EventCountry "GER"]
[SourceTitle "playchess.com"]
[Source "ChessBase"]
[SourceQuality "1"]
[TimeControl "180+2"]

1. e4 {[%emt 0:00:00]} c6 {[%emt 0:00:00]} 2. Nc3 {[%emt 0:00:01]} d5 3. f4 dxe4 {[%emt 0:00:05]} 4. Nxe4 {[%emt 0:00:01]} Nf6 {[%emt 0:00:00]} 5. Nf2 {[%emt 0:00:01]} g6 {[%emt 0:00:04]} 6. Nf3 {[%emt 0:00:01]} Bg7 {[%emt 0:00:00]} 7. g3 {[%emt 0:00:01]} O-O {[%emt 0:00:02]} 8. Bg2 {[%emt 0:00:01]} Ng4 {[%emt 0:00:01]} 9. O-O {[%emt 0:00:08]} Nxf2 {[%emt 0:00:13]} 10. Rxf2 {[%emt 0:00:02]} Bg4 {[%emt 0:00:07]} 11. c3 {[%emt 0:00:07]} Nd7 {[%emt 0:00:01]} 12. d4 {[%emt 0:00:01]} a5 {[%emt 0:00:07]} 13. Be3 {[%emt 0:00:03]} Nf6 {[%emt 0:00:03]} 14. h3 {[%emt 0:00:06]} Nd5 {[%emt 0:00:07]} 15. Qe1 {[%emt 0:00:10]} Nxe3 {[%emt 0:00:08]} 16. Qxe3 {[%emt 0:00:01]} Be6 {[%emt 0:00:11]} 17. Ne5 {[%emt 0:00:30]} Bd5 {[%emt 0:00:04]} 18. Bf1 {[%emt 0:00:01]} b5 {[%emt 0:00:07]} 19. f5 {[%emt 0:00:05]} e6 {[%emt 0:00:14]} 20. fxg6 {[%emt 0:00:12]} fxg6 {[%emt 0:00:15]} 21. Rxf8+ {[%emt 0:00:12]} Qxf8 {[%emt 0:00:04]} 22. Bg2 {[%emt 0:00:00]} Qd6 {[%emt 0:00:08]} 23. Nd3 {[%emt 0:00:20]} Bxg2 {[%emt 0:00:17]} 24. Kxg2 {[%emt 0:00:01]} Qd5+ {[%emt 0:00:02]} 25. Qf3 {[%emt 0:00:04]} Rf8 {[%emt 0:00:20]} 26. Qxd5 {[%emt 0:00:01]} exd5 {[%emt 0:00:02]} 27. Re1 {[%emt 0:00:01]} Kf7 {[%emt 0:00:05]} 28. Nc5 {[%emt 0:00:28]} Re8 {[%emt 0:00:08]} 29. Rf1+ {[%emt 0:00:13]} Kg8 {[%emt 0:00:05]} 30. Rf2 {[%emt 0:00:01]} b4 {[%emt 0:00:05]} 31. Nb7 {[%emt 0:00:07]} a4 {[%emt 0:00:08]} 32. a3 {[%emt 0:00:16]} bxa3 33. bxa3 Bf8 {[%emt 0:00:18]} 34. Na5 {[%emt 0:00:02]} Rc8 {[%emt 0:00:04]} 35. Rb2 {[%emt 0:00:06]} Bxa3 36. Ra2 Bd6 {[%emt 0:00:11]} 37. Rxa4 {[%emt 0:00:02]} Ra8 {[%emt 0:00:07]} 38. Ra1 {[%emt 0:00:00]} c5 {[%emt 0:00:06]} 39. Nb3 {[%emt 0:00:07]} Rxa1 {[%emt 0:00:01]} 40. Nxa1 {[%emt 0:00:01]} c4 {[%emt 0:00:01]} 41. Nc2 {[%emt 0:00:00]} Kf7 {[%emt 0:00:00]} 42. Kf3 {[%emt 0:00:01]} Ke6 {[%emt 0:00:01]} 43. Ne3 {[%emt 0:00:04]} Ba3 {[%emt 0:00:01]} 44. Ke2 {[%emt 0:00:02]} Bb2 {[%emt 0:00:01]} 45. Kd2 {[%emt 0:00:01]} Ba3 {[%emt 0:00:01]} 46. Ng2 {[%emt 0:00:02]} Bd6 {[%emt 0:00:01]} 47. g4 {[%emt 0:00:01]} h5 {[%emt 0:00:03]} 48. Ke2 {[%emt 0:00:03]} Kf6 {[%emt 0:00:01]} 49. Kf3 {[%emt 0:00:01]} Ke6 {[%emt 0:00:01]} 50. Ne3 {[%emt 0:00:09]} hxg4+ {[%emt 0:00:03]} 51. Kxg4 {[%emt 0:00:02]} Be7 {[%emt 0:00:02]} 52. Ng2 {[%emt 0:00:02]} g5 {[%emt 0:00:02]} 53. Ne3 {[%emt 0:00:02]} Bf6 {[%emt 0:00:03]} 54. Kf3 {[%emt 0:00:06]} 0-1

[Event "47th GER-ch Blitz 2020"]
[Site "Magdeburg"]
[Date "2020.08.15"]
[Round "15.13"]
[White "Hess, Max"]
[Black "Krause, Benedict"]
[Result "0-1"]
[WhiteElo "2378"]
[BlackElo "2425"]
[Annotator "RC"]
[PlyCount "78"]
[EventDate "2020.07.28"]
[EventType "tourn"]
[EventCountry "GER"]
[SourceTitle "playchess.com"]
[Source "ChessBase"]
[SourceQuality "1"]
[TimeControl "180+2"]

1. Nf3 {[%emt 0:00:00]} Nf6 {[%emt 0:00:00]} 2. g3 {[%emt 0:00:00]} g6 {[%emt 0:00:00]} 3. Bg2 {[%emt 0:00:01]} Bg7 {[%emt 0:00:00]} 4. O-O {[%emt 0:00:01]} O-O {[%emt 0:00:01]} 5. d4 {[%emt 0:00:01]} d5 {[%emt 0:00:01]} 6. Nbd2 {[%emt 0:00:06]} Bf5 {[%emt 0:00:09]} 7. c3 {[%emt 0:00:04]} Qc8 {[%emt 0:00:04]} 8. Re1 {[%emt 0:00:08]} c5 {[%emt 0:00:28]} 9. dxc5 {[%emt 0:00:12]} Qxc5 {[%emt 0:00:01]} 10. Nb3 {[%emt 0:00:01]} Qd6 {[%emt 0:00:46]} 11. Bf4 {[%emt 0:00:02]} Qd8 {[%emt 0:00:00]} 12. Nbd4 {[%emt 0:00:20]} Be4 {[%emt 0:00:09]} 13. Qb3 {[%emt 0:00:03]} Qc8 {[%emt 0:00:18]} 14. Bf1 {[%emt 0:00:42]} Bxf3 {[%emt 0:00:08]} 15. exf3 {[%emt 0:00:10]} e6 {[%emt 0:00:09]} 16. Nb5 {[%emt 0:00:07]} Ne8 {[%emt 0:00:15]} 17. Bd6 {[%emt 0:00:30]} Nxd6 {[%emt 0:00:01]} 18. Nxd6 {[%emt 0:00:01]} Qc7 {[%emt 0:00:06]} 19. Qxb7 {[%emt 0:00:09]} Qxd6 {[%emt 0:00:16]} 20. Qxa8 {[%emt 0:00:02]} Qb6 {[%emt 0:00:12]} 21. a4 {[%emt 0:00:37]} Nc6 {[%emt 0:00:02]} 22. a5 {[%emt 0:00:01]} Qc7 {[%emt 0:00:02]} 23. Qxf8+ Kxf8 {[%emt 0:00:06]} 24. f4 {[%emt 0:00:10]} Nxa5 {[%emt 0:00:13]} 25. Ra4 {[%emt 0:00:01]} Nc6 {[%emt 0:00:02]} 26. Rea1 {[%emt 0:00:01]} Bf6 {[%emt 0:00:11]} 27. Bb5 {[%emt 0:00:02]} Qb6 {[%emt 0:00:03]} 28. Bxc6 {[%emt 0:00:04]} Qxc6 {[%emt 0:00:01]} 29. Rxa7 {[%emt 0:00:01]} d4 {[%emt 0:00:02]} 30. R1a6 {[%emt 0:00:02]} Qf3 {[%emt 0:00:02]} 31. Rc7 {[%emt 0:00:09]} d3 {[%emt 0:00:03]} 32. Rd6 {[%emt 0:00:03]} Qe2 {[%emt 0:00:04]} 33. Rcd7 {[%emt 0:00:04]} Qxb2 {[%emt 0:00:02]} 34. Rxd3 {[%emt 0:00:01]} Bxc3 {[%emt 0:00:02]} 35. h4 {[%emt 0:00:02]} Ba5 {[%emt 0:00:02]} 36. Kg2 {[%emt 0:00:02]} Bb6 {[%emt 0:00:01]} 37. Rd2 {[%emt 0:00:00]} Qb5 {[%emt 0:00:01]} 38. R7d6 {[%emt 0:00:03]} Bc7 {[%emt 0:00:03]} 39. Rd7 {[%emt 0:00:00]} Qc6+ {[%emt 0:00:01]} 0-1

[Event "47th GER-ch Blitz 2020"]
[Site "Magdeburg"]
[Date "2020.08.15"]
[Round "15.14"]
[White "Kopylov, Michael"]
[Black "Stein, Robert"]
[Result "1/2-1/2"]
[WhiteElo "2407"]
[BlackElo "2325"]
[Annotator "TA"]
[PlyCount "61"]
[EventDate "2020.07.28"]
[EventType "tourn"]
[EventCountry "GER"]
[SourceTitle "playchess.com"]
[Source "ChessBase"]
[SourceQuality "1"]

{[%evp 25,61,44,51,36,91,83,126,116,106,0,138,142,141,133,156,129,136,138,141,134,134,84,68,83,67,55,52,43,48,0,50,0,0,-82,56,50,91,85]} 1. d4 d5 2. c4 e6 3. Nf3 Nf6 4. g3 Be7 5. Bg2 O-O 6. O-O Nbd7 7. Qc2 c6 8. Nbd2 b6 9. e4 dxe4 10. Nxe4 Bb7 11. Rd1 Nxe4 12. Qxe4 Nf6 13. Qe2 Qc8 14. Ne5 {E09: Closed Catalan: Main Line: 7 Qc2 c6 8 Nbd2.} Re8 ({Better is} 14... c5 $14) 15. Qf3 $16 Qc7 {[#]} 16. Nxc6 $146 ({Predecessor:} 16. Bf4 Bd6 17. Rac1 Rec8 18. Qc3 Nh5 19. Be3 Nf6 20. f4 Qe7 21. c5 Bxe5 22. dxe5 {1-0 (45) Rodriguez Melian,J (2099)-Grube,K (1840) Las Palmas 2014}) 16... Bd6 17. Bf4 (17. d5 $16) 17... Rac8 (17... Bxc6 $1 $11 {remains equal.} 18. Qxc6 Bxf4 19. gxf4 Qxf4) 18. Bxd6 Qxd6 19. d5 exd5 20. cxd5 Nxd5 21. Nxa7 ({Much worse is} 21. Qxd5 $6 Qxd5 22. Bxd5 Bxc6 $11) 21... Rcd8 22. Nb5 Qb4 23. Nc7 Nxc7 24. Qxb7 Ne6 {[%cal Bc7e6,Be6d4,Bd4e2][%mdl 32]} 25. b3 Nd4 26. h3 h5 27. Qc7 h4 28. gxh4 Ne2+ {[%mdl 64] [#] Discovered Attack} 29. Kh2 (29. Kf1 $11 Qxh4 30. Qxb6 (30. Rxd8 Rxd8 31. Qxb6 Nf4 $11)) 29... Rxd1 ({Black should play} 29... Rc8 $17 30. Qb7 Qf4+ 31. Kh1 Qxf2) 30. Rxd1 $14 {Strongly threatening Rd8.} Qxh4 31. Qxb6 {Blacks defense is rewarded with a draw. Accuracy: White = 64%, Black = 52%.} 1/2-1/2

[Event "47th GER-ch Blitz 2020"]
[Site "Magdeburg"]
[Date "2020.08.15"]
[Round "15.15"]
[White "Berger, Steve"]
[Black "Schoewel, Matthias"]
[Result "1-0"]
[WhiteElo "2408"]
[BlackElo "2218"]
[Annotator "RC"]
[PlyCount "41"]
[EventDate "2020.07.28"]
[EventType "tourn"]
[EventCountry "GER"]
[SourceTitle "playchess.com"]
[Source "ChessBase"]
[SourceQuality "1"]
[TimeControl "180+2"]

1. e4 {[%emt 0:00:00]} e5 {[%emt 0:00:00]} 2. Nf3 {[%emt 0:00:00]} Nc6 {[%emt 0:00:01]} 3. Bb5 {[%emt 0:00:02]} d6 {[%emt 0:00:01]} 4. O-O {[%emt 0:00:07]} Nf6 {[%emt 0:00:02]} 5. Re1 {[%emt 0:00:04]} Be7 {[%emt 0:00:01]} 6. c3 {[%emt 0:00:04]} O-O {[%emt 0:00:05]} 7. h3 {[%emt 0:00:06]} Bd7 {[%emt 0:00:09]} 8. d4 {[%emt 0:00:02]} exd4 {[%emt 0:00:01]} 9. cxd4 {[%emt 0:00:01]} d5 {[%emt 0:00:04]} 10. e5 {[%emt 0:00:22]} Ne4 {[%emt 0:00:01]} 11. Bd3 {[%emt 0:00:11]} f5 {[%emt 0:00:14]} 12. exf6 {[%emt 0:00:02]} Bxf6 {[%emt 0:00:09]} 13. Nc3 {[%emt 0:00:12]} Nxc3 {[%emt 0:00:28]} 14. bxc3 {[%emt 0:00:01]} Qc8 {[%emt 0:00:16]} 15. Ba3 {[%emt 0:00:28]} Re8 {[%emt 0:00:05]} 16. Qd2 {[%emt 0:00:08]} Be6 {[%emt 0:00:11]} 17. Qf4 {[%emt 0:00:12]} h6 {[%emt 0:00:23]} 18. Re3 {[%emt 0:00:05]} Qd7 {[%emt 0:00:04]} 19. Rae1 {[%emt 0:00:04]} Qf7 {[%emt 0:00:16]} 20. Qg3 {[%emt 0:00:04]} Qd7 {[%emt 0:00:13]} 21. Qg6 1-0

[Event "47th GER-ch Blitz 2020"]
[Site "Magdeburg"]
[Date "2020.08.15"]
[Round "16.1"]
[White "Donchenko, Alexander"]
[Black "Schoewel, Matthias"]
[Result "1-0"]
[WhiteElo "2646"]
[BlackElo "2218"]
[Annotator "TA"]
[PlyCount "59"]
[EventDate "2020.07.28"]
[EventType "tourn"]
[EventCountry "GER"]
[SourceTitle "playchess.com"]
[Source "ChessBase"]
[SourceQuality "1"]

{[%evp 12,58,30,-10,50,33,68,21,195,74,79,86,113,88,109,35,54,25,60,68,74,57,115,38,135,82,152,136,188,183,224,218,204,209,347,349,869,892,854,833,812,795,29988,29989,29989,29990,29990,29991,29999]} 1. Nf3 d5 2. g3 Nf6 3. Bg2 Nc6 4. d4 e6 5. O-O Be7 6. c4 O-O 7. Nc3 Ne4 {E06: Closed Catalan: Early deviations.} (7... dxc4 $11 8. Bg5 h6 9. Bxf6 Bxf6) 8. Qc2 f5 9. a3 {[#]} (9. h4 {is interesting.} Bf6 10. Rd1 Ne7 11. Bf4 c6 12. Rac1) 9... Bd7 $146 {[#]} (9... Bf6 $11) ({Predecessor:} 9... a5 10. Rd1 Bf6 11. Rb1 Kh8 12. h4 h6 13. b4 axb4 14. axb4 g5 15. hxg5 hxg5 {½-½ (47) Miroshnichenko,E (2696)-Radulski,J (2539) Kallithea 2009}) 10. b4 (10. cxd5 $18 {and the rest is easy.} exd5 11. Nxd5) 10... Nxc3 11. Qxc3 Bf6 12. Bf4 Rc8 13. b5 (13. cxd5 $16 exd5 14. Rfc1) 13... Ne7 $14 14. Be5 Be8 15. Bxf6 Rxf6 16. e3 $36 {[%mdl 2048] White has the initiative.} h6 (16... dxc4 $14 17. Qxc4 c6) 17. Ne5 (17. Rfc1 $16) 17... Ng6 (17... c6 $14) 18. Nd3 (18. Rfc1 $142) 18... Bf7 (18... c6 $142) 19. Rac1 h5 (19... c6 $16 {keeps fighting.}) 20. Qa5 $18 h4 21. cxd5 ({But not} 21. Qxa7 e5) 21... exd5 22. Qxa7 Ra8 (22... Rb6 $142) 23. Qxb7 Rxa3 $2 (23... Rb6 24. Qxc7 Qxc7 25. Rxc7 Rxa3) 24. Rxc7 Qd6 25. Rxf7 {[%mdl 64] [#] Remove Defender} Rxf7 26. Bxd5 {[%mdl 64] Pin} Rxd3 27. Qxf7+ {[%mdl 64] Double Attack. White mates.} Kh7 28. Qxf5 {[%cal Rf5h5]} Kh6 29. g4 {[%csl Gg4][%cal Rf5h5]} Qe7 30. Qh5# {Accuracy: White = 56%, Black = 23%.} 1-0

[Event "47th GER-ch Blitz 2020"]
[Site "Magdeburg"]
[Date "2020.08.15"]
[Round "16.2"]
[White "Stein, Robert"]
[Black "Berger, Steve"]
[Result "1-0"]
[WhiteElo "2325"]
[BlackElo "2408"]
[Annotator "TA"]
[PlyCount "75"]
[EventDate "2020.07.28"]
[EventType "tourn"]
[EventCountry "GER"]
[SourceTitle "playchess.com"]
[Source "ChessBase"]
[SourceQuality "1"]

{[%evp 10,75,33,25,36,33,30,20,21,31,22,18,19,14,14,-16,56,-15,-13,-8,-2,-20,-31,-32,-29,-20,-16,-53,0,0,0,0,0,-11,-15,-78,-73,-97,-100,-81,-84,-70,-75,-69,-66,-69,-72,-78,-75,-76,-86,-77,-90,-143,-138,-205,-81,-208,-75,-259,35,35,756,557,5114,5093,5065,4134]} 1. d4 d5 2. c4 dxc4 3. e3 Nf6 4. Bxc4 e6 5. Nf3 c5 6. O-O cxd4 {D26: Queen's Gambit Accepted: 4 e3 e6 5 Bxc5 c5 sidelines.} 7. exd4 Be7 8. Qe2 a6 {The position is equal.} 9. Nc3 b5 10. Bb3 Bb7 11. Rd1 {With the idea Bg5.} O-O 12. Ne5 Nd5 (12... Nc6 $11) 13. Ne4 ({White should play} 13. Rd3 $14) 13... Nd7 $11 14. Bd2 Rc8 {[#]} 15. Rac1 $146 ({Predecessor:} 15. a4 Nxe5 16. dxe5 b4 17. Qg4 Kh8 18. Bf4 Qb6 19. a5 Qc7 20. Bg3 Qc6 21. Ba4 {½-½ (78) Zhemchuzhina,E (1909)-Podgornova,A (1781) Moscow 2017}) 15... Rxc1 16. Rxc1 Nxe5 17. dxe5 Qb8 18. Ng5 Bxg5 (18... h6 $15 19. Nf3 Rc8) 19. Bxg5 h6 20. Bd2 Rc8 21. Re1 Ne7 22. Bc3 (22. Qg4 $11) 22... Bd5 $17 23. Bxd5 Nxd5 24. Bd4 Qc7 25. g3 Qc4 26. Qxc4 Rxc4 {[%mdl 4096] Endgame KRB-KRN} 27. Rd1 g5 28. Kg2 Kg7 29. Kf3 Kg6 30. Ke4 Ne7 31. g4 ({White should try} 31. Rd2) 31... Nc6 32. f3 (32. Ke3 $17 {was called for.}) 32... h5 (32... Nxd4 33. Rxd4 Rc2 34. Rd3 $17) (32... Rc2 $19 {is more deadly.} 33. a3 Nxd4 34. Rxd4 Rxb2) 33. h3 (33. b3 $17 Rc2 34. Be3) 33... f6 (33... Nxd4 34. Rxd4 Rc2 35. gxh5+ Kxh5 36. Rd7 $17) (33... h4 $19 {has better winning chances.} 34. a3 f5+ 35. Ke3 Rc2) 34. b3 $2 {[#]} ({Avoid the trap} 34. exf6 $2 hxg4 35. f7 Kxf7 $19) (34. gxh5+ $17 {was the only chance.} Kh6 35. Ke3 (35. exf6 e5 $17 {[%mdl 64] Pin})) 34... Rb4 $2 (34... f5+ $1 $19 35. Ke3 Rc2) 35. Ke3 $14 {Bc3 is the strong threat.} ({Not} 35. exf6 $2 e5 $19) 35... Nxd4 $4 {[%mdl 8192]} (35... hxg4 $14 36. hxg4 Nxe5) 36. Rxd4 $18 {White is clearly winning.} a5 37. Rxb4 axb4 38. exf6 {Accuracy: White = 61%, Black = 61%.} 1-0

[Event "47th GER-ch Blitz 2020"]
[Site "Magdeburg"]
[Date "2020.08.15"]
[Round "16.3"]
[White "Krause, Benedict"]
[Black "Kopylov, Michael"]
[Result "1/2-1/2"]
[WhiteElo "2425"]
[BlackElo "2407"]
[Annotator "TA"]
[PlyCount "38"]
[EventDate "2020.07.28"]
[EventType "tourn"]
[EventCountry "GER"]
[SourceTitle "playchess.com"]
[Source "ChessBase"]
[SourceQuality "1"]

{[%evp 10,23,16,12,13,8,-2,8,5,0,-2,-2,2,8,-16,20]} 1. e4 d5 2. exd5 Qxd5 3. Nf3 Bg4 4. Be2 Nc6 5. d4 O-O-O 6. Be3 {The position is equal.} e5 {[%cal Re5d4] B01: Scandinavian Defence.} 7. c4 {7.Nc3 is vanishing.} Qa5+ 8. Bd2 Bb4 9. d5 Bxf3 10. Bxf3 Nd4 11. Nc3 Qa6 12. Be2 {[#] A rather calm draw.} (12. b3 Qa5 13. Rc1 Nf6 14. O-O Rhe8 15. Be1 {½-½ (15) Krause,B (2434)-Kopylov,M (2413) Magdeburg 2019}) {Predecessor:} 12... Nf6 $146 13. a3 Bxc3 14. Bxc3 Nxe2 15. Qxe2 Rhe8 16. O-O-O Kb8 17. Rhe1 Nd7 18. Qg4 Qg6 19. Qxg6 hxg6 {1-0 (57) Morozevich,A (2769)-Grischuk,A (2761) Moscow 2012} 1/2-1/2